Statistics for THE MOST EPIC SIDEMEN QUIZ

Click here to take the quiz!

General Stats

  • This quiz has been taken 1,391 times
  • The average score is 13 of 18

Answer Stats

QuestionAnswer% Correct
Which Sideman has drank his own mother's spit | Who is the Black GoalieTobi
99%
Which sideman drives a Lamborghini AventadorKSI
99%
Who Breaks ChairsHarry
99%
Who is DaddyJosh
99%
Which Sideman soiled himself while listening to Drop It Like It's Hot | Which sideman supports West HamEthan
98%
Who has a road to glory called "Hunting We Will Go"?Simon
95%
True or False? JJ Can pronounce Squirrel & Rolls RoyceFalse
90%
Is Vik Actually a pedophileNo
85%
What is the name of Josh's GirlfriendFreya
76%
Which sidemen stopped uploadingKSI
55%
Which of the sidemen brothers support LiverpoolManny
49%
What is Ethan's Girlfriend's NameEmily
49%
Which sidemen support non premier league teams, and which teamsSimon. Josh & Vik (Leeds, Millwall, Sheffield United)
40%
Which sideman friend doesn't have a youtube channelLewis
23%
Which sideman's parents are considered bosses?Yinka & Jide
11%
Besides for JJ, Which sidemen friends support ArsenalCallux & ChrisMD
2%

Score Distribution

Percentile by Number Answered

Percent of People with Each Score

Your Score History

You have not taken this quiz